Rich dad's rich kid smart kid : (Record no. 10961)
[ view plain ]
| 000 -LEADER | |
|---|---|
| fixed length control field | 00732nam a22002172 4500 |
| 001 - CONTROL NUMBER | |
| control field | 0000008571 |
| 005 - DATE AND TIME OF LATEST TRANSACTION | |
| control field | 20151217154403.0 |
| 008 - FIXED-LENGTH DATA ELEMENTS--GENERAL INFORMATION | |
| fixed length control field | 080425s xx 000 0 eng d |
| 020 ## - INTERNATIONAL STANDARD BOOK NUMBER | |
| International Standard Book Number | 0446677485 : |
| Terms of availability | KES 1800 |
| 040 ## - CATALOGING SOURCE | |
| Original cataloging agency | KABU |
| Transcribing agency | KABU |
| 100 1# - MAIN ENTRY--PERSONAL NAME | |
| Personal name | Kiyosaki, Robert T. |
| -- | 0000157284 |
| 245 10 - TITLE STATEMENT | |
| Title | Rich dad's rich kid smart kid : |
| Remainder of title | giving your child a financial head start / |
| Statement of responsibility, etc. | Robert T. Kiyosaki with Sharon L. Letcher. |
| 260 ## - PUBLICATION, DISTRIBUTION, ETC. (IMPRINT) | |
| Place of publication, distribution, etc. | New York : |
| Name of publisher, distributor, etc. | Warner, |
| Date of publication, distribution, etc. | 2001. |
| 300 ## - PHYSICAL DESCRIPTION | |
| Extent | xviii, 264 p. |
| 650 #0 - SUBJECT ADDED ENTRY--TOPICAL TERM | |
| Topical term or geographic name as entry element | Children |
| General subdivision | Finance, Personal. |
| -- | 0000159212 |
| 650 #0 - SUBJECT ADDED ENTRY--TOPICAL TERM | |
| Topical term or geographic name as entry element | Finance |
| General subdivision | Personal. |
| -- | 0000159213 |
| 700 1# - ADDED ENTRY--PERSONAL NAME | |
| Personal name | Lechter, Sharon L. |
| -- | 0000158204 |
| 908 ## - PUT COMMAND PARAMETER (RLIN) | |
| Put command parameter | 080425 |
| 950 ## - LOCAL HOLDINGS (RLIN) | |
| -- | 1 |
| Withdrawn status | Lost status | Source of classification or shelving scheme | Not for loan | Home library | Current library | Date acquired | Total Checkouts | Total Renewals | Full call number | Barcode | Date last seen | Date last checked out | Price effective from | Koha item type |
|---|---|---|---|---|---|---|---|---|---|---|---|---|---|---|
| Library of Congress Classification | Kabarak, Main Campus | Kabarak, Main Campus | 17/12/2015 | 17 | 2 | HG179 .K59 c.1 | 030870 | 04/04/2025 | 13/02/2025 | 17/12/2015 | General Collection |